Statistiken für Länder, die mit "stan" enden

Klicken Sie hier um das Quiz zu spielen!

Allgemein

  • Dieses Quiz wurde 1.559 mal gespielt
  • Das Durchschnittsergebnis liegt bei 6 aus 7

Antwortstatistiken

Asien% Korrekt
Usbekistan
94%
Turkmenistan
93%
Pakistan
92%
Kasachstan
89%
Afghanistan
88%
Tadschikistan
87%
Kirgisistan
68%

Verteilung der Resultate

Perzentil nach korrekt beantworteten Fragen

Anzahl Personen mit jedem Resultat

Ihre Resultats-Entwicklung

Sie haben dieses Quiz noch nicht gespielt